The ultimate stranger things quiz - Statistics

General Stats
  • This quiz has been taken 264 times
  • The average score is 10 of 14
Answer Stats
Questions Answer % Correct
Where did Max mayfield move from California
90%
What is 11s real name Jane
87%
How many boxes of eggos does 11 steal from the store 4
86%
What is lucas's sister name Erica
85%
What type of soda does eleven crush with her mind? Coke
84%
What is 11s favorite snack Eggos
84%
What is mike's little sister named Holly
83%
What type of slushy does alexi like Cherry
82%
What is the monster in season 2 called The mind flayer
81%
Who is the head of hawkins lab in season 2 Dr Owens
62%
What state does murray live in Illinois
45%
What is the date when will went missing? November 6, 1983
33%
Finish the line- "Mike I found the," Chocolate pudding!
28%
What is the name of the byers dog Chester
21%
No matching quizzes found
Score Distribution
Percent of People with Each Score
Percentile by Number Answered
Your Score History
You have not taken this quiz